Unix Operating System and Shell Programming/ (Record no. 174652)

MARC details
000 -LEADER
fixed length control field 00522nam a22001817a 4500
005 - DATE AND TIME OF LATEST TRANSACTION
control field 20200626152510.0
010 ## - LCCN (DPL NO)
LC control number ENG-128251
020 ## - INTERNATIONAL STANDARD BOOK NUMBER
Terms of availability 80.00
International Standard Book Number 9788177355550
035 ## - SYSTEM CONTROL NUMBER
System control number EN-111784
037 ## - SOURCE OF ACQUISITION
Source of stock number/acquisition DBAD/PUB
082 ## - DEWEY DECIMAL CLASSIFICATION NUMBER
Classification number 005.432
100 ## - MAIN ENTRY--PERSONAL NAME
Personal name Rajathi,S
245 ## - TITLE STATEMENT
Title Unix Operating System and Shell Programming/
Statement of responsibility, etc by S. Rajathi
260 ## - PUBLICATION, DISTRIBUTION, ETC. (IMPRINT)
Place of publication, distribution, etc Chenni
Name of publisher, distributor, etc Pavai
Date of publication, distribution, etc 2008
270 ## - ADDRESS
Address 142,jani Jan Khan Road Rpyapettah
City Chenni
Postal code 600014
300 ## - PHYSICAL DESCRIPTION
Extent 134p.
Dimensions 23cm(pbk)
942 ## - ADDED ENTRY ELEMENTS (KOHA)
Source of classification or shelving scheme Dewey Decimal Classification
Item type English Books
Classification part 005.432
Call number suffix Raj
Holdings
Withdrawn status Lost status Not for loan Collection code Home library Current library Date acquired Source of acquisition Cost, normal purchase price Full call number Barcode Copy number Cost, replacement price Koha item type
      Non-fiction Ashok Vihar Ashok Vihar 26/06/2020 DBAD/PUB 80.00 005.432 Raj EN-111784 1 80.00 English Books

© Delhi Public Library
Hit Counter
free hit counter